Central Library OPAC University of Rajshahi

বাঙালীর জাতীয়তাবাদ / (Record no. 39428)

MARC details
000 -LEADER
fixed length control field 01026nam a2200253 a 4500
001 - CONTROL NUMBER
control field 39428
003 - CONTROL NUMBER IDENTIFIER
rucl marc code BD-RjUL
005 - DATE AND TIME OF LATEST TRANSACTION
control field 20211209053005.0
008 - FIXED-LENGTH DATA ELEMENTS--GENERAL INFORMATION
fixed length control field 160410r20112000bg ||||| |||| 001 0 ben d
020 ## - INTERNATIONAL STANDARD BOOK NUMBER
International Standard Book Number 9789845060622
Terms of availability : TK. 500.00
035 ## - SYSTEM CONTROL NUMBER
System control number (BD-RjUL)39541
040 ## - CATALOGING SOURCE
Original cataloging agency BD-RjUL
Language of cataloging ben
Transcribing agency BD-RjUL
041 ## - LANGUAGE CODE
Language code of text/sound track or separate title ben
082 ## - DEWEY DECIMAL CLASSIFICATION NUMBER
Edition number 23
Classification number 320.54091749144
Author mark and year CHB 2011
100 ## - MAIN ENTRY--PERSONAL NAME
Personal name চৌধুরী, সিরাজুল ইসলাম
9 (RLIN) 121228
245 10 - TITLE STATEMENT
Title বাঙালীর জাতীয়তাবাদ /
Statement of responsibility, etc. সিরাজুল ইসলাম চৌধুরী
250 ## - EDITION STATEMENT
Edition statement পরিবর্ধিত তৃতীয় সং.
260 ## - PUBLICATION, DISTRIBUTION, ETC. (IMPRINT)
Place of publication, distribution, etc. ঢাকা :
Name of publisher, distributor, etc. দি ইউনিভার্সিটি প্রেস,
Date of publication, distribution, etc. ২০১১
300 ## - PHYSICAL DESCRIPTION
Pagination xxiv, ৪৭২ পৃ. ;
Size ২২ সেমি.
500 ## - GENERAL NOTE
General note তথ্যপঞ্জি ও নির্ঘন্ট সংযুক্ত
650 ## - SUBJECT ADDED ENTRY--TOPICAL TERM
Topical term or geographic name as entry element জাতীয়তাবাদ
9 (RLIN) 121547
Topical term or geographic name as entry element Nationalism
9 (RLIN) 121548
942 ## - ADDED ENTRY ELEMENTS (KOHA)
Source of classification or shelving scheme Dewey Decimal Classification
Koha item type Books
Holdings
Lost status Source of classification or shelving scheme Damaged status Not for loan Collection code Permanent Location Current Location Shelving location Date acquired Source of acquisition Cost, normal purchase price Total Checkouts Full call number Date last seen Copy number Koha item type Date checked out
  Dewey Decimal Classification   Not For Loan Non-fiction Central Library, University of Rajshahi Central Library, University of Rajshahi Reading Room 23/12/2013 Prothoma prokason, Dhaka 500.00   B 320.54 CHB 2011 10/04/2016 C-1 Books  
  Dewey Decimal Classification     Non-fiction Central Library, University of Rajshahi Central Library, University of Rajshahi   23/12/2013 Prothoma prokason, Dhaka 500.00 2 B 320.54 CHB 2011 06/04/2023 C-2 Books 19/03/2023
  Dewey Decimal Classification     Non-fiction Central Library, University of Rajshahi Central Library, University of Rajshahi   23/12/2013 Prothoma prokason, Dhaka 500.00 9 B 320.54 CHB 2011 06/01/2026 C-3 Books 13/11/2025